000 00820cam a22002657a 4500
999 _c329556
_d329556
001 14784976
003 NUST
005 20170615114209.0
008 070327s2007 pk 000 d urd
010 _a 2007379908
020 _a9693519426
025 _aP-U-2007379908 ; 10 ; 11
040 _aDLC
_cDLC
_dDLC
042 _alcode
050 0 0 _aMLCMA 2006/00772 (P)
082 _a891.4392
_bAHM
100 0 _aAshfāq Aḥmad,
_d1925-2004.
_9639
245 1 0 _aĀshiyāne :
_bTalqīn Shāh /
_cAshfāq Aḥmad.
246 1 _iTitle on t.p. verso, CIP data:
_aAshiaanay, Talqeen Shah
260 _aLāhore :
_bSang-i Mīl Pablīkeshanz,
_c2007.
300 _a440 p. ;
_c23 cm.
500 _aPlay.
546 _aIn Urdu.
880 _6100-01\(3\r
_aاشفاق احمد
880 _6245-02\(3\r
_aآشیانے
_bتلقین شاہ
_cاشفاق احمد
880 _6260-03\(3\r
_aلاہور:
_bسنگ میل پبلی کیشنز،
_c2007
906 _a7
_bcbc
_corigode
_d4
_encip
_f20
_gy-gencatlg
942 _2ddc
_cBK